00523nam a2200181Ia 450000500170000000800410001702000150005808200160007310000130008924500330010226000450013530000160018065000150019665000110021194200060022295200980022899900150032620240710061036.0240331s9999 xx 000 0 und d a0823225046 bBUTa170.42 aButler,J 0aGiving an account of oneself aNew YorkbFordham University Pressc2005 ax, 149 p ., aPhilosophy aEthics cL 001040708LaWERCLbWERCLcSSCd2024-03-31l0o 170.42 BUTp6531r2024-03-31w2024-03-31yL c4415d4415